| 000 | 00527nam a22002057a 4500 | ||
|---|---|---|---|
| 001 | 1555 | ||
| 003 | BD-RjUL | ||
| 005 | 20220310114758.0 | ||
| 008 | 160724s2000 bg bd||| |||| 001 0 eng d | ||
| 035 | _a(BD-RjUL)1580 | ||
| 040 |
_aBD-RjUL _beng _cBD-RjUL |
||
| 041 | _aeng | ||
| 082 |
_a174.4 _bKHB 2000 |
||
| 100 | 1 |
_aKhan, A.R _95140 |
|
| 245 | 1 | 0 |
_aBusiness Ethics / _cA.R. Khan |
| 260 |
_aDhaka : _bRuby Publication _c2000 |
||
| 300 |
_a206p. : _bill. ; _c21cm. |
||
| 650 |
_2SLSH _aBusiness ethics. _95141 |
||
| 942 |
_2ddc _cBK |
||
| 999 |
_c1555 _d1555 |
||